Top Orange-Producing Countries of 2012 - Statistics

General Stats
  • This quiz has been taken 393 times
  • The average score is 8 of 10
Answer Stats
Million Tons Produced Country % Correct
8.1 United States
98%
18.0 Brazil
93%
6.5 China
88%
3.6 Mexico
88%
2.9 Spain
88%
5.0 India
85%
1.7 Italy
83%
1.6 Turkey
73%
2.7 Egypt
61%
1.6 South Africa
50%
No matching quizzes found
Score Distribution
Percent of People with Each Score
Percentile by Number Answered
Your Score History
You have not taken this quiz